Normal view
MARC view
- Asif Farukhi
Entry Personal Name
001 - CONTROL NUMBER
- control field: 68370
003 - CONTROL NUMBER IDENTIFIER
- control field: NUST
005 - DATE AND TIME OF LATEST TRANSACTION
- control field: 20210628204033.0
008 - FIXED-LENGTH DATA ELEMENTS
- fixed length control field: 210628|| aca||aabn | a|a d
040 ## - CATALOGING SOURCE
- Original cataloging agency: NUST
- Transcribing agency: NUST
100 ## - HEADING--PERSONAL NAME
- Personal name: Asif Farukhi
670 ## - SOURCE DATA FOUND
- Source citation: Work cat.: (NUST): Asif Farukhi, Manto ka aadmi nama, 2012
